[Event "George Trundle NZ Qualifiers 2017"]
[Site "Auckland, NZL"]
[Date "2017.10.06"]
[Round "7.1"]
[White "Fan, Allen Chi Zhou"]
[Black "Milligan, Helen"]
[Result "1-0"]
[BlackElo "2007"]
[WhiteElo "2077"]
[LiveChessVersion "1.4.8"]

1. Nf3 {[%clk 1:30:57]} Nf6 {[%clk 1:30:53]} 2. c4 {[%clk 1:30:59]} g6
{[%clk 1:31:14]} 3. g3 {[%clk 1:29:52]} Bg7 {[%clk 1:31:31]} 4. Bg2
{[%clk 1:30:15]} O-O {[%clk 1:31:46]} 5. O-O {[%clk 1:30:39]} d6 {[%clk 1:32:07]}
6. Nc3 {[%clk 1:31:00]} e5 {[%clk 1:31:55]} 7. d3 {[%clk 1:31:25]} Nc6
{[%clk 1:32:12]} 8. Rb1 {[%clk 1:31:43]} a5 {[%clk 1:32:35]} 9. a3
{[%clk 1:32:08]} h6 {[%clk 1:32:39]} 10. b4 {[%clk 1:32:21]} axb4
{[%clk 1:33:02]} 11. axb4 {[%clk 1:32:47]} Be6 {[%clk 1:33:08]} 12. b5
{[%clk 1:17:31]} Ne7 {[%clk 1:33:31]} 13. Qb3 {[%clk 1:15:04]} Kh8
{[%clk 1:32:15]} 14. Ba3 {[%clk 1:14:07]} Qd7 {[%clk 1:29:34]} 15. Ra1
{[%clk 1:08:11]} Rab8 {[%clk 1:27:29]} 16. Ra2 {[%clk 1:03:19]} Nh5
{[%clk 1:26:12]} 17. Rd1 {[%clk 0:57:30]} Bh3 {[%clk 1:19:09]} 18. Bh1
{[%clk 0:52:51]} f5 {[%clk 1:18:10]} 19. d4 {[%clk 0:48:58]} e4 {[%clk 1:11:01]}
20. Ne1 {[%clk 0:48:47]} f4 {[%clk 1:02:33]} 21. Nxe4 {[%clk 0:45:05]} fxg3
{[%clk 1:02:36]} 22. hxg3 {[%clk 0:44:31]} Nf5 {[%clk 0:56:44]} 23. Bb2
{[%clk 0:38:44]} Rbe8 {[%clk 0:55:11]} 24. d5 {[%clk 0:35:43]} Be5
{[%clk 0:42:01]} 25. Nd3 {[%clk 0:32:40]} Nd4 {[%clk 0:30:22]} 26. Nxe5
{[%clk 0:26:30]} Nxe2+ {[%clk 0:29:54]} 27. Kh2 {[%clk 0:26:53]} dxe5
{[%clk 0:30:13]} 28. Qe3 {[%clk 0:24:54]} Nef4 {[%clk 0:23:50]} 29. Bf3
{[%clk 0:10:52]} Bg4 {[%clk 0:19:37]} 30. Nc5 {[%clk 0:10:03]} Qf5
{[%clk 0:18:46]} 31. Rh1 {[%clk 0:05:46]} Nh3 {[%clk 0:14:08]} 32. Bxg4
{[%clk 0:03:39]} Qxg4 {[%clk 0:13:52]} 33. f4 {[%clk 0:03:09]} Kh7
{[%clk 0:13:02]} 34. Bxe5 {[%clk 0:02:59]} N3xf4 {[%clk 0:08:46]} 35. gxf4
{[%clk 0:03:03]} Nxf4 {[%clk 0:08:51]} 36. Ne6 {[%clk 0:01:50]} Qh5+
{[%clk 0:06:55]} 37. Kg3 {[%clk 0:01:30]} Qxh1 {[%clk 0:04:36]} 38. Nxf8+
{[%clk 0:01:55]} Rxf8 {[%clk 0:05:02]} 39. Bxf4 {[%clk 0:02:00]} Rf7
{[%clk 0:04:59]} 40. Rh2 {[%clk 0:31:46]} 1-0

[Event "George Trundle NZ Qualifiers 2017"]
[Site "Auckland, NZL"]
[Date "2017.10.06"]
[Round "7.2"]
[White "Nyberg, Michael"]
[Black "Macdonald, Paul"]
[Result "1-0"]
[BlackElo "2033"]
[WhiteElo "1881"]
[LiveChessVersion "1.4.8"]

1. d4 {[%clk 1:30:54]} d6 {[%clk 1:30:56]} 2. Nf3 {[%clk 1:31:16]} g6
{[%clk 1:31:15]} 3. g3 {[%clk 1:31:36]} Bg7 {[%clk 1:31:17]} 4. Bg2
{[%clk 1:31:29]} c5 {[%clk 1:26:04]} 5. c3 {[%clk 1:26:20]} Qb6 {[%clk 1:23:40]}
6. Nbd2 {[%clk 1:20:49]} Nh6 {[%clk 1:23:46]} 7. O-O {[%clk 1:19:17]} O-O
{[%clk 1:24:06]} 8. Nc4 {[%clk 1:16:19]} Qa6 {[%clk 1:22:40]} 9. Ne3
{[%clk 1:14:01]} e6 {[%clk 1:18:54]} 10. dxc5 {[%clk 1:05:51]} dxc5
{[%clk 1:19:16]} 11. Qd3 {[%clk 1:06:12]} Qxd3 {[%clk 1:18:41]} 12. exd3
{[%clk 1:06:34]} Nc6 {[%clk 1:16:49]} 13. Nc2 {[%clk 1:04:35]} Nf5
{[%clk 1:08:35]} 14. Ne3 {[%clk 1:00:07]} Rd8 {[%clk 1:04:14]} 15. Rd1
{[%clk 0:58:37]} e5 {[%clk 1:02:12]} 16. Nxf5 {[%clk 0:57:31]} Bxf5
{[%clk 1:02:23]} 17. Be3 {[%clk 0:57:53]} b6 {[%clk 0:51:22]} 18. Ng5
{[%clk 0:48:14]} Rac8 {[%clk 0:50:38]} 19. Ne4 {[%clk 0:48:04]} h6
{[%clk 0:49:00]} 20. h3 {[%clk 0:47:30]} Be6 {[%clk 0:45:36]} 21. Bf1
{[%clk 0:43:20]} f5 {[%clk 0:42:35]} 22. Nd2 {[%clk 0:42:54]} Rd7
{[%clk 0:42:36]} 23. Re1 {[%clk 0:38:35]} g5 {[%clk 0:31:42]} 24. f4
{[%clk 0:32:17]} Bf6 {[%clk 0:25:49]} 25. Nf3 {[%clk 0:19:11]} gxf4
{[%clk 0:26:12]} 26. gxf4 {[%clk 0:19:32]} e4 {[%clk 0:25:32]} 27. dxe4
{[%clk 0:18:20]} fxe4 {[%clk 0:26:00]} 28. Nd2 {[%clk 0:17:24]} Rg7+
{[%clk 0:22:21]} 29. Kh1 {[%clk 0:15:27]} Bf5 {[%clk 0:17:56]} 30. Re2
{[%clk 0:14:28]} Kf8 {[%clk 0:15:07]} 31. Rg2 {[%clk 0:14:35]} Re7
{[%clk 0:15:06]} 32. Rg1 {[%clk 0:14:51]} Nd8 {[%clk 0:13:04]} 33. Nc4
{[%clk 0:15:03]} Nf7 {[%clk 0:12:33]} 34. Rd1 {[%clk 0:14:51]} Rc6
{[%clk 0:11:26]} 35. Bg2 {[%clk 0:13:39]} b5 {[%clk 0:11:17]} 36. Nd2
{[%clk 0:13:39]} b4 {[%clk 0:08:56]} 37. cxb4 {[%clk 0:10:36]} cxb4
{[%clk 0:08:11]} 38. Nb3 {[%clk 0:09:43]} Rec7 {[%clk 0:03:14]} 39. Nd4
{[%clk 0:07:22]} Bxd4 {[%clk 0:03:13]} 40. Rxd4 {[%clk 0:36:55]} Rc4
{[%clk 0:30:53]} 41. Rgd1 {[%clk 0:26:23]} Rc2 {[%clk 0:22:25]} 42. R1d2
{[%clk 0:21:12]} a5 {[%clk 0:22:21]} 43. Rd5 {[%clk 0:18:30]} Rxd2
{[%clk 0:19:05]} 44. Rxd2 {[%clk 0:17:16]} Rc1+ {[%clk 0:11:08]} 45. Kh2
{[%clk 0:17:30]} Re1 {[%clk 0:08:13]} 46. Bf2 {[%clk 0:17:39]} Ra1
{[%clk 0:08:35]} 47. b3 {[%clk 0:17:23]} Ke7 {[%clk 0:07:22]} 48. Bb6
{[%clk 0:17:38]} e3 {[%clk 0:01:47]} 49. Re2 {[%clk 0:16:20]} Kd6
{[%clk 0:02:09]} 50. Bd4 {[%clk 0:15:11]} Rd1 {[%clk 0:01:22]} 51. Bxe3
{[%clk 0:15:31]} Kc7 {[%clk 0:01:26]} 52. Bg1 {[%clk 0:14:14]} Bb1
{[%clk 0:00:58]} 53. Re7+ {[%clk 0:14:31]} Rd7 {[%clk 0:01:27]} 54. Bb6+
{[%clk 0:14:33]} Kd6 {[%clk 0:01:38]} 55. Rxd7+ {[%clk 0:14:21]} Kxd7
{[%clk 0:02:02]} 56. Bxa5 {[%clk 0:14:44]} Bxa2 {[%clk 0:02:21]} 57. Bd5
{[%clk 0:15:08]} Nd8 {[%clk 0:01:41]} 58. Bxb4 {[%clk 0:15:24]} Nc6
{[%clk 0:02:10]} 59. Bf8 {[%clk 0:15:38]} h5 {[%clk 0:01:35]} 60. Bf3
{[%clk 0:14:50]} Bxb3 {[%clk 0:00:42]} 61. Bxh5 {[%clk 0:15:11]} Ke6
{[%clk 0:00:36]} 62. Bg4+ {[%clk 0:14:49]} Kf7 {[%clk 0:00:38]} 63. Bc5
{[%clk 0:15:07]} Nd8 {[%clk 0:00:43]} 64. Bb4 {[%clk 0:14:43]} Ne6
{[%clk 0:01:12]} 65. Kg3 {[%clk 0:14:55]} Nd4 {[%clk 0:01:16]} 66. Bc3
{[%clk 0:15:08]} Ne6 {[%clk 0:01:31]} 67. h4 {[%clk 0:15:20]} Bd5
{[%clk 0:01:54]} 68. h5 {[%clk 0:15:35]} Nc5 {[%clk 0:01:56]} 69. Ba1
{[%clk 0:15:11]} Ne4+ {[%clk 0:02:10]} 70. Kh4 {[%clk 0:15:27]} Nf2
{[%clk 0:01:50]} 71. Bf5 {[%clk 0:15:11]} Ne4 {[%clk 0:01:28]} 72. Bg6+
{[%clk 0:14:36]} Kg8 {[%clk 0:01:47]} 73. h6 {[%clk 0:14:53]} 1-0

[Event "George Trundle NZ Qualifiers 2017"]
[Site "Auckland, NZL"]
[Date "2017.10.06"]
[Round "7.3"]
[White "Polishchuk, Kirill"]
[Black "Goodhue, Nathan"]
[Result "1-0"]
[BlackElo "1976"]
[WhiteElo "2134"]
[LiveChessVersion "1.4.8"]

1. e4 {[%clk 1:30:58]} b6 {[%clk 1:18:26]} 2. d4 {[%clk 1:30:49]} Bb7
{[%clk 1:18:54]} 3. Nc3 {[%clk 1:31:02]} e6 {[%clk 1:19:16]} 4. Bd3
{[%clk 1:30:12]} Nf6 {[%clk 1:19:23]} 5. Qf3 {[%clk 1:24:27]} d5 {[%clk 1:16:51]}
6. e5 {[%clk 1:23:09]} Nfd7 {[%clk 1:16:58]} 7. Nh3 {[%clk 1:19:34]} h6
{[%clk 1:17:14]} 8. Nf4 {[%clk 1:17:05]} Qe7 {[%clk 1:15:45]} 9. Nb5
{[%clk 1:14:21]} Kd8 {[%clk 1:15:55]} 10. c4 {[%clk 1:06:20]} a6 {[%clk 1:15:39]}
11. Nc3 {[%clk 1:06:15]} c6 {[%clk 1:15:22]} 12. cxd5 {[%clk 1:05:14]} cxd5
{[%clk 1:15:43]} 13. O-O {[%clk 1:03:53]} b5 {[%clk 1:07:26]} 14. a3
{[%clk 0:55:30]} Nb6 {[%clk 1:07:11]} 15. Bd2 {[%clk 0:55:17]} Nc6
{[%clk 1:04:39]} 16. Qe3 {[%clk 0:48:19]} Rc8 {[%clk 0:58:45]} 17. Rfc1
{[%clk 0:46:56]} Qd7 {[%clk 0:55:57]} 18. Na2 {[%clk 0:41:21]} Kc7
{[%clk 0:40:23]} 19. Ba5 {[%clk 0:40:02]} Ba8 {[%clk 0:36:58]} 20. a4
{[%clk 0:37:27]} Kb7 {[%clk 0:30:47]} 21. Bxb6 {[%clk 0:36:28]} Kxb6
{[%clk 0:31:15]} 22. axb5 {[%clk 0:36:16]} axb5 {[%clk 0:31:41]} 23. Bxb5
{[%clk 0:27:44]} Kxb5 {[%clk 0:30:29]} 24. Qb3+ {[%clk 0:27:31]} Nb4
{[%clk 0:29:18]} 25. Nxb4 {[%clk 0:26:12]} Rxc1+ {[%clk 0:29:01]} 26. Rxc1
{[%clk 0:26:34]} Bxb4 {[%clk 0:24:27]} 27. Rc5+ {[%clk 0:25:29]} Ka6
{[%clk 0:24:46]} 28. Qxb4 {[%clk 0:25:23]} Qd8 {[%clk 0:24:07]} 29. Qa4+
{[%clk 0:25:27]} Kb7 {[%clk 0:23:25]} 30. Rb5+ {[%clk 0:25:39]} Kc7
{[%clk 0:19:57]} 31. Qa7+ {[%clk 0:25:52]} 1-0

[Event "George Trundle NZ Qualifiers 2017"]
[Site "Auckland, NZL"]
[Date "2017.10.06"]
[Round "7.4"]
[White "Morrell, Gordon"]
[Black "James, Jack"]
[Result "1/2-1/2"]
[BlackElo "2062"]
[WhiteElo "2030"]
[LiveChessVersion "1.4.8"]

1. Nf3 {[%clk 1:30:58]} Nf6 {[%clk 1:28:13]} 2. c4 {[%clk 1:31:09]} c6
{[%clk 1:28:36]} 3. g3 {[%clk 1:31:32]} d5 {[%clk 1:29:01]} 4. Bg2
{[%clk 1:31:57]} Nbd7 {[%clk 1:28:11]} 5. cxd5 {[%clk 1:27:51]} cxd5
{[%clk 1:28:33]} 6. d4 {[%clk 1:28:18]} e6 {[%clk 1:25:24]} 7. Nc3
{[%clk 1:27:23]} Be7 {[%clk 1:22:38]} 8. O-O {[%clk 1:25:55]} O-O
{[%clk 1:21:22]} 9. Qc2 {[%clk 1:22:12]} b6 {[%clk 1:15:32]} 10. Bf4
{[%clk 1:11:20]} a6 {[%clk 0:51:49]} 11. a4 {[%clk 1:02:18]} Bb7 {[%clk 0:50:03]}
12. Rfd1 {[%clk 0:54:18]} Rc8 {[%clk 0:44:59]} 13. Qb3 {[%clk 0:42:38]} Ne4
{[%clk 0:25:59]} 14. Rac1 {[%clk 0:32:50]} g5 {[%clk 0:17:06]} 15. Bd2
{[%clk 0:30:20]} g4 {[%clk 0:11:31]} 16. Ne1 {[%clk 0:29:51]} Nxd2
{[%clk 0:09:22]} 17. Rxd2 {[%clk 0:30:10]} f5 {[%clk 0:09:46]} 18. Nd3
{[%clk 0:28:33]} Bd6 {[%clk 0:04:52]} 19. e3 {[%clk 0:22:59]} Rc4
{[%clk 0:03:47]} 20. Rdd1 {[%clk 0:12:54]} Kh8 {[%clk 0:04:06]} 21. Nb1
{[%clk 0:12:15]} Rxc1 {[%clk 0:03:00]} 22. Rxc1 {[%clk 0:12:39]} Qe7
{[%clk 0:03:23]} 23. Nd2 {[%clk 0:11:14]} Rc8 {[%clk 0:03:22]} 24. Rxc8+
{[%clk 0:08:35]} Bxc8 {[%clk 0:03:43]} 25. Qc3 {[%clk 0:06:54]} Qd8
{[%clk 0:02:08]} 1/2-1/2

[Event "George Trundle NZ Qualifiers 2017"]
[Site "Auckland, NZL"]
[Date "2017.10.06"]
[Round "7.5"]
[White "Zhang, Jasmine Haomo"]
[Black "Nicholls, Leighton"]
[Result "1-0"]
[BlackElo "1902"]
[WhiteElo "1826"]
[LiveChessVersion "1.4.8"]

1. d4 {[%clk 1:30:58]} Nf6 {[%clk 1:30:54]} 2. Bf4 {[%clk 1:30:41]} b6
{[%clk 1:29:37]} 3. e3 {[%clk 1:30:44]} Bb7 {[%clk 1:29:48]} 4. Nf3
{[%clk 1:31:04]} e6 {[%clk 1:29:06]} 5. Nbd2 {[%clk 1:28:39]} c5 {[%clk 1:26:43]}
6. c3 {[%clk 1:28:56]} Nc6 {[%clk 1:24:58]} 7. h3 {[%clk 1:28:17]} d5
{[%clk 1:21:54]} 8. Bb5 {[%clk 1:24:29]} Bd6 {[%clk 1:19:53]} 9. Qa4
{[%clk 1:23:45]} Rc8 {[%clk 1:17:23]} 10. Qxa7 {[%clk 1:17:04]} Ba8
{[%clk 1:09:30]} 11. Bxd6 {[%clk 1:08:10]} Qxd6 {[%clk 1:09:56]} 12. Qxb6
{[%clk 1:01:17]} cxd4 {[%clk 1:10:17]} 13. Nxd4 {[%clk 0:57:12]} O-O
{[%clk 1:09:33]} 14. Bxc6 {[%clk 0:55:25]} Bxc6 {[%clk 1:09:10]} 15. Nxc6
{[%clk 0:55:44]} Rxc6 {[%clk 1:08:52]} 16. Qb3 {[%clk 0:55:19]} Rb8
{[%clk 1:08:07]} 17. Qc2 {[%clk 0:55:24]} e5 {[%clk 1:07:55]} 18. Nb3
{[%clk 0:53:43]} Nd7 {[%clk 1:06:03]} 19. O-O {[%clk 0:52:38]} e4
{[%clk 1:04:38]} 20. Nd4 {[%clk 0:51:41]} Rcb6 {[%clk 1:04:18]} 21. b3
{[%clk 0:49:33]} Qh6 {[%clk 1:01:10]} 22. Ne2 {[%clk 0:48:15]} Ne5
{[%clk 0:59:33]} 23. Nf4 {[%clk 0:47:16]} g5 {[%clk 0:52:59]} 24. Nxd5
{[%clk 0:46:57]} Nf3+ {[%clk 0:51:08]} 25. Kh1 {[%clk 0:30:00]} Re8
{[%clk 0:38:35]} 26. Nxb6 {[%clk 0:25:33]} g4 {[%clk 0:36:09]} 27. Nd5
{[%clk 0:25:35]} Re5 {[%clk 0:33:11]} 28. Nf4 {[%clk 0:25:37]} 1-0